000 00298nam a2200109Ia 4500
008 190216s9999||||xx |||||||||||||| ||und||
100 _aPunithavathy Pandian
245 0 _aSecurity Analysis And Portfoli0 Management
260 _b"Social Science Press, New Delhi"
_c2001
300 _a459p
942 _cBK
999 _c7266
_d7266